[Event "34ème Open International d'Avoine"]
[Site "AVOINE"]
[Date "2019.07.20"]
[Round "3.26"]
[White "Lamaze, Simon"]
[Black "Devallee, Jeremie"]
[Result "1-0"]
[WhiteElo "2008"]
[BlackElo "2299"]
[PlyCount "103"]
[EventDate "2019.??.??"]
[WhiteTeam "Echiquier Club Le Mans"]
[BlackTeam "C'Chartres Echecs"]

1. Nf3 g6 2. d4 Bg7 3. g3 c5 4. d5 Nf6 5. c4 b5 6. cxb5 a6 7. bxa6 d6 8. Nc3
O-O 9. Bg2 Nxa6 10. O-O Bg4 11. Nd2 Qd7 12. Nc4 Rfb8 13. Re1 Bh3 14. Bh1 Nc7
15. Qc2 Qg4 16. e4 Qh5 17. f3 Nd7 18. Be3 Ne5 19. Nxe5 Bxe5 20. f4 Bg7 21. e5
dxe5 22. Bxc5 Na6 23. Bf2 exf4 24. Rxe7 f3 25. Rae1 Bf6 26. R7e3 Bg4 27. h3
Qxh3 28. Bxf3 Bd4 29. Bg2 Qh6 30. Re7 Nb4 31. Qe4 Bxf2+ 32. Kxf2 Bf5 33. Qe3
Nd3+ 34. Kg1 Qf8 35. d6 Nxe1 36. Bxa8 Nc2 37. Qe5 Qh6 38. d7 Qc1+ 39. Kg2 Ne1+
40. Qxe1 Rxb2+ 41. Ne2 Qxe1 42. d8=Q+ Kg7 43. Qd4+ Kf8 44. Rxf7+ Kxf7 45. Qxb2
h5 46. Bd5+ Ke7 47. Qe5+ Kd7 48. Bc6+ Kc8 49. Bf3 Qd1 50. Qc5+ Kd8 51. a4 h4
52. Qd4+ {1-0 (52) Lamaze,S (2008)-Devallee,J (2299) AVOINE 2019} 1-0

[Event "34ème Open International d'Avoine"]
[Site "AVOINE"]
[Date "2019.07.20"]
[Round "3.27"]
[White "Auvray, Juliette"]
[Black "Perrin, Guillaume"]
[Result "0-1"]
[WhiteElo "2004"]
[BlackElo "2289"]
[PlyCount "80"]
[EventDate "2019.??.??"]
[WhiteTeam "Club 608 d'Echecs Paris"]
[BlackTeam "Gujan-Mestras Echecs"]

1. e4 c5 2. Nf3 d6 3. d4 cxd4 4. Nxd4 Nf6 5. Nc3 a6 6. f3 e6 7. Be3 b5 8. Qd2
Nbd7 9. g4 h6 10. O-O-O Bb7 11. Rg1 b4 12. Na4 Qa5 13. b3 Nc5 14. a3 Nxa4 15.
axb4 Qc7 16. bxa4 d5 17. e5 Nd7 18. f4 Nb6 19. Rg3 Nxa4 20. Bf2 Rc8 21. Be1 Be7
22. Rb3 Nb6 23. h4 Nc4 24. Bxc4 dxc4 25. Re3 Qd7 26. Qc3 Bd5 27. Qb2 h5 28. f5
hxg4 29. fxe6 fxe6 30. Nf5 exf5 31. e6 Qa7 32. Qxg7 Qxe3+ 33. Kb1 Qxe6 34.
Qxh8+ Kd7 35. Qd4 Kc6 36. Qa7 Kb5 37. Rxd5+ Qxd5 38. Qxe7 c3 39. Qe2+ Kxb4 40.
Qxa6 Qd1+ {0-1 (40) Auvray,J (2004)-Perrin,G (2289) AVOINE 2019} 0-1

[Event "34ème Open International d'Avoine"]
[Site "AVOINE"]
[Date "2019.07.20"]
[Round "3.28"]
[White "Aubert, Estee"]
[Black "Baillon, Olivier"]
[Result "1-0"]
[WhiteElo "1978"]
[BlackElo "2279"]
[PlyCount "85"]
[EventDate "2019.??.??"]
[WhiteTeam "Esbarres Bonnencontre Echecs"]
[BlackTeam "Club 608 d'Echecs Paris"]

1. d4 g6 2. e4 Bg7 3. Nc3 c6 4. Bf4 Qb6 5. Na4 Qxd4 6. Qxd4 Bxd4 7. Nf3 Bg7 8.
e5 f6 9. O-O-O fxe5 10. Bxe5 Nf6 11. Bd3 d6 12. Bg3 Bg4 13. Rhe1 Bxf3 14. gxf3
Kf7 15. Nc3 Bh6+ 16. Kb1 Nbd7 17. Bf1 a5 18. Bh3 Nc5 19. Ne4 Nfxe4 20. fxe4 Ne6
21. c4 Nf4 22. Bg4 Rad8 23. e5 d5 24. cxd5 cxd5 25. e6+ Kg7 26. Re5 Kf6 27. Re3
Rhf8 28. Rd4 g5 29. h4 Kg6 30. Rb3 gxh4 31. Bxh4 Bg5 32. Bxg5 Kxg5 33. Rg3 Rf6
34. Bh3+ Kh6 35. Bg2 Rd6 36. Bf3 Rdxe6 37. Rd1 Rg6 38. Bxd5 Rb6 39. Be4 Rge6
40. Rh1+ Nh5 41. Bxh7 Re2 42. Bc2 Rxf2 43. Rg8 {
1-0 (43) Aubert,E (1978) -Baillon,O (2279) AVOINE 2019} 1-0

[Event "34ème Open International d'Avoine"]
[Site "AVOINE"]
[Date "2019.07.20"]
[Round "3.29"]
[White "Monnot, Leo"]
[Black "Dieu, Bruno"]
[Result "0-1"]
[WhiteElo "1958"]
[BlackElo "2256"]
[PlyCount "60"]
[EventDate "2019.??.??"]
[WhiteTeam "Mulhouse Philidor"]
[BlackTeam "Echiquier Tourangeau"]

1. e4 e6 2. d4 d5 3. Nc3 Bb4 4. exd5 exd5 5. Bd3 Nc6 6. Nge2 Nge7 7. O-O O-O 8.
a3 Ba5 9. Na4 Bf5 10. Nc5 Qc8 11. c3 Bb6 12. Re1 Re8 13. Bf4 Ng6 14. Bg3 Rb8
15. Qc2 Bxd3 16. Qxd3 Bxc5 17. dxc5 Qd7 18. Rad1 Rbd8 19. c4 d4 20. b4 h5 21.
Nf4 Nce5 22. Qe4 h4 23. Nxg6 Nxg6 24. Qxb7 Rxe1+ 25. Rxe1 hxg3 26. hxg3 d3 27.
Qe4 d2 28. Rd1 Kf8 29. Kh1 Qa4 30. Qb1 Qxa3 {
0-1 (30) Monnot,L (1958)-Dieu,B (2256) AVOINE 2019} 0-1

[Event "34ème Open International d'Avoine"]
[Site "AVOINE"]
[Date "2019.07.20"]
[Round "3.30"]
[White "Hingouet, Matthieu"]
[Black "Heurtebize, Christophe"]
[Result "1-0"]
[WhiteElo "2245"]
[BlackElo "2036"]
[PlyCount "48"]
[EventDate "2019.??.??"]
[WhiteTeam "Cavalier de la Tourelle Saint-Mande"]
[BlackTeam "Echiquier Club Le Mans"]

1. d4 d5 2. c4 c6 3. Nf3 Nf6 4. Qb3 e6 5. g3 Nbd7 6. Bg2 Be7 7. O-O O-O 8. Nc3
dxc4 9. Qxc4 c5 10. dxc5 Nxc5 11. b4 Na6 12. a3 Qc7 13. Qb3 Bd7 14. Be3 Ng4 15.
Bf4 Bd6 16. Bxd6 Qxd6 17. Rfd1 Qe7 18. h3 Nf6 19. Ne5 Rab8 20. Nxd7 Nxd7 21.
Nb5 Nb6 22. Nxa7 Nc7 23. Qe3 Nc4 24. Rac1 Rfd8 {"34ème Open International
d'Avoine"] 1-0 (24) Hingouet,M (2245)-Heurtebize,C (2036) AVOINE 2019} 1-0

[Event "34ème Open International d'Avoine"]
[Site "AVOINE"]
[Date "2019.07.20"]
[Round "3.31"]
[White "Samoun, Florent"]
[Black "Dessenne, Francois"]
[Result "1/2-1/2"]
[WhiteElo "2230"]
[BlackElo "2026"]
[PlyCount "149"]
[EventDate "2019.??.??"]
[WhiteTeam "C.E. de  Bois-Colombes"]
[BlackTeam "C.E. Neuville-en-Ferrain"]

1. e4 c5 2. Nf3 Nc6 3. Bb5 g6 4. O-O Bg7 5. Re1 Nf6 6. Nc3 O-O 7. e5 Ne8 8. d3
Nd4 9. Bc4 Nc7 10. a4 d5 11. exd6 exd6 12. Nxd4 Bxd4 13. Qf3 Be6 14. Bf4 Qd7
15. Qg3 d5 16. Bb3 Rac8 17. Bxc7 Bxc3 18. bxc3 Qxc7 19. c4 Qxg3 20. hxg3 dxc4
21. Bxc4 Bxc4 22. dxc4 Rfe8 23. a5 Rxe1+ 24. Rxe1 Kf8 25. Kf1 Re8 26. Rb1 Re7
27. Rb5 Rc7 28. Ke2 Ke7 29. g4 Kd6 30. Rb1 Re7+ 31. Kd3 Kc6 32. g5 Rd7+ 33. Kc3
Rd4 34. Rh1 Rg4 35. Rxh7 Rxg5 36. g3 Rf5 37. f4 Rf6 38. Rh8 g5 39. fxg5 Rf3+
40. Kb2 Rxg3 41. Rc8+ Kd6 42. Ra8 Kc6 43. Rc8+ Kd6 44. Rg8 Rg4 45. Kb3 Kc6 46.
Rg7 Rf4 47. Kb2 b5 48. g6 fxg6 49. Rxg6+ Kc7 50. cxb5 Rb4+ 51. Kc3 Rxb5 52.
Rg7+ Kb8 53. a6 Rb6 54. Kc4 Rxa6 55. Kxc5 Rf6 56. c4 Rh6 57. Rf7 Rg6 58. Rh7
Rf6 59. Kd5 Rg6 60. c5 Rg1 61. Kc6 Rg6+ 62. Kb5 Rg1 63. Kc4 Rc1+ 64. Kd5 Rg1
65. Kd6 Rg6+ 66. Kd7 Kb7 67. Kd8+ Kb8 68. Rh1 Rc6 69. Rb1+ Ka8 70. Rc1 Kb7 71.
Kd7 Rc7+ 72. Kd6 Rc6+ 73. Kd7 Rc7+ 74. Kd6 Rc6+ 75. Kd5 1/2-1/2

[Event "34ème Open International d'Avoine"]
[Site "AVOINE"]
[Date "2019.07.20"]
[Round "3.32"]
[White "Lacroix, Romain"]
[Black "Radovanovic, Luka"]
[Result "1/2-1/2"]
[WhiteElo "2226"]
[BlackElo "2024"]
[PlyCount "123"]
[EventDate "2019.??.??"]
[WhiteTeam "C.E.I. Toulouse"]
[BlackTeam "Cannes Echecs"]

1. d4 d5 2. c4 dxc4 3. Nf3 Nf6 4. e3 Bg4 5. Bxc4 e6 6. O-O Nbd7 7. h3 Bh5 8.
Nc3 Nb6 9. Be2 Be7 10. Qb3 O-O 11. Rd1 a5 12. a4 Nfd5 13. e4 Nb4 14. Be3 Bxf3
15. Bxf3 Bg5 16. Bxg5 Qxg5 17. Na2 Nc6 18. Rac1 e5 19. d5 Nd4 20. Rxd4 exd4 21.
Rxc7 Qg6 22. Rxb7 Rab8 23. Rxb8 Rxb8 24. Nc1 Nd7 25. Qc2 Ne5 26. Be2 Qb6 27.
Bb5 h6 28. Kh1 g5 29. Nd3 Nxd3 30. Qxd3 Qc5 31. Kh2 Rc8 32. Qf3 Qc1 33. d6 Qf4+
34. Qxf4 gxf4 35. d7 Rd8 36. Kg1 Kf8 37. Kf1 Ke7 38. Ke2 Kd6 39. Kd3 Kc5 40. b3
f6 41. h4 h5 42. f3 Rf8 43. Bc4 Rd8 44. Be6 Rb8 45. Bf7 Kd6 46. Kxd4 Kxd7 47.
e5 f5 48. Bc4 Rc8 49. Kd5 Ke7 50. e6 Rg8 51. Ke5 Rxg2 52. Kxf5 Rh2 53. Kg5 Rh3
54. Bd5 Rh1 55. Kxh5 Rg1 56. Kh6 Kf6 57. Kh5 Rg3 58. Bc4 Rg1 59. Kh6 Rg3 60.
Bd5 Rg1 61. Bc4 Rg3 62. Kh5 1/2-1/2

[Event "34ème Open International d'Avoine"]
[Site "AVOINE"]
[Date "2019.07.20"]
[Round "3.33"]
[White "Tardi, Oscar"]
[Black "Dalaud, Dorian"]
[Result "0-1"]
[WhiteElo "1947"]
[BlackElo "2220"]
[PlyCount "62"]
[EventDate "2019.??.??"]
[WhiteTeam "C.E. de  Bois-Colombes"]
[BlackTeam "Cercle d'Echecs de Nantes"]

1. Nf3 Nf6 2. g3 g6 3. Bg2 Bg7 4. O-O O-O 5. c4 d6 6. Nc3 Nc6 7. b3 e5 8. Bb2
Nd7 9. Nd5 e4 10. Bxg7 exf3 11. Bxf8 fxg2 12. Kxg2 Kxf8 13. d4 Ne7 14. Nc3 Kg8
15. e4 c6 16. Qd2 Qa5 17. Rfe1 Qh5 18. Qf4 Nf8 19. h4 g5 20. Qxd6 Neg6 21. Re3
gxh4 22. Qf6 Be6 23. d5 Nd7 24. Qd4 c5 25. Qd2 Bg4 26. f3 Bh3+ 27. Kxh3 hxg3+
28. Kxg3 Qh4+ 29. Kg2 Nf4+ 30. Kf1 Qh1+ 31. Kf2 Qg2+ 0-1

[Event "34ème Open International d'Avoine"]
[Site "AVOINE"]
[Date "2019.07.22"]
[Round "3.34"]
[White "Bournel, Antoine"]
[Black "Bodicker, Rob"]
[Result "1-0"]
[WhiteElo "2217"]
[BlackElo "2007"]
[PlyCount "87"]
[EventDate "2019.??.??"]

1. e4 e6 2. d4 d5 3. Nd2 Be7 4. Ngf3 Nf6 5. e5 Nfd7 6. Bd3 c5 7. c3 b6 8. O-O
Ba6 9. Ne1 Bxd3 10. Nxd3 Nc6 11. Qg4 Kf8 12. Nf3 h5 13. Qg3 cxd4 14. cxd4 g5
15. Be3 g4 16. Nd2 Rg8 17. Bh6+ Ke8 18. Qe3 Bg5 19. Bxg5 Qxg5 20. Nf4 Ne7 21.
g3 Nf5 22. Qd3 h4 23. Rfc1 Ke7 24. Rc7 Rgc8 25. Rac1 Kd8 26. Qc3 Rxc7 27. Qxc7+
Ke8 28. Nb3 h3 29. Nd3 Ne7 30. Qb7 Rd8 31. Qxa7 Qf5 32. Qa6 Qe4 33. Ne1 f6 34.
exf6 Nxf6 35. Qxb6 Qe2 36. Nc5 Rc8 37. Ned3 Rc6 38. Qb8+ Rc8 39. Qf4 Ne4 40.
Qe3 Nxg3 41. hxg3 Qxe3 42. fxe3 Nf5 43. Kf2 Ke7 44. Nf4 1-0

[Event "34ème Open International d'Avoine"]
[Site "AVOINE"]
[Date "2019.07.20"]
[Round "3.35"]
[White "Vekemans, Denis"]
[Black "Besson, Bastien"]
[Result "0-1"]
[WhiteElo "1945"]
[BlackElo "2204"]
[PlyCount "98"]
[EventDate "2019.??.??"]

1. e4 d6 2. d4 Nf6 3. Bd3 e5 4. c3 Be7 5. h3 c5 6. Nf3 Nc6 7. d5 Nb8 8. O-O
Nbd7 9. Nh2 c4 10. Bc2 Nc5 11. Qe2 b5 12. b3 cxb3 13. axb3 a6 14. c4 b4 15. Bd2
Rb8 16. f4 Nfd7 17. fxe5 Nxe5 18. Be3 Bf6 19. Ra2 a5 20. Nd2 O-O 21. Bxc5 dxc5
22. Ndf3 Re8 23. Nxe5 Bxe5 24. Nf3 Bc3 25. Qe3 Qc7 26. Qg5 Bf6 27. Qh5 g6 28.
Qh6 Bg7 29. Qg5 h6 30. Qh4 Bd7 31. e5 a4 32. e6 fxe6 33. Qe4 axb3 34. Ra7 Qxa7
35. Bd3 Rf8 36. Qxg6 Rf6 37. Qh7+ Kf8 38. Nh4 Rxf1+ 39. Bxf1 Be8 40. Qe4 exd5
41. cxd5 c4+ 42. Kh1 Qa1 43. Qf4+ Qf6 44. Ng6+ Kg8 45. Ne7+ Qxe7 46. Qxb8 Qe1
47. Qf4 b2 48. Qxc4 b1=Q 49. d6+ Kh8 0-1

[Event "34ème Open International d'Avoine"]
[Site "AVOINE"]
[Date "2019.07.20"]
[Round "3.36"]
[White "Riou-Durand, Lionel"]
[Black "Grezels, Florian"]
[Result "0-1"]
[WhiteElo "1936"]
[BlackElo "2201"]
[PlyCount "100"]
[EventDate "2019.??.??"]

1. e4 c5 2. Nf3 e6 3. d4 cxd4 4. Nxd4 Nc6 5. Nxc6 bxc6 6. Bd3 Nf6 7. O-O d5 8.
Nd2 Qc7 9. Qe2 Bd6 10. h3 O-O 11. b3 a5 12. Bb2 e5 13. a3 Nd7 14. c4 d4 15. f4
f6 16. Rab1 Be7 17. Nf3 Rb8 18. Bc2 Nc5 19. Bc1 Rd8 20. Ne1 Be6 21. Nd3 Bd6 22.
Qf3 Qe7 23. Bd2 Nxd3 24. Qxd3 Bxa3 25. Bxa5 Rd7 26. Be1 Ra7 27. Bh4 Qd6 28. Kh1
Rba8 29. Qg3 Kh8 30. Qd3 Bb4 31. g4 Ra2 32. g5 fxg5 33. Bxg5 Bxh3 34. Rf2 Bd7
35. fxe5 Qxe5 36. Bf4 Qe6 37. Rh2 Rxc2 38. Rxc2 Rf8 39. Rf1 Rxf4 40. Rxf4 Qh6+
41. Kg1 Qxf4 42. Qxd4 Qg4+ 43. Kh2 Qh4+ 44. Kg1 Qe7 45. c5 Be1 46. Ra2 Be8 47.
Ra8 Bh4 48. Qd6 Qf7 49. Qxc6 Qf2+ 50. Kh1 Qf3+ 0-1

[Event "34ème Open International d'Avoine"]
[Site "AVOINE"]
[Date "2019.07.22"]
[Round "3.37"]
[White "Aubert, Laurane"]
[Black "Arnaud, Aurelien"]
[Result "1/2-1/2"]
[WhiteElo "1931"]
[BlackElo "2196"]
[PlyCount "118"]
[EventDate "2019.??.??"]

1. e4 e5 2. Nf3 Nc6 3. d4 exd4 4. Nxd4 Nf6 5. Nxc6 bxc6 6. Qe2 Qe7 7. Nc3 Qe6
8. a3 a5 9. Qe3 g6 10. Bd3 Bg7 11. O-O O-O 12. Bd2 d5 13. exd5 cxd5 14. Rfe1
Qd7 15. Qc5 c6 16. Na4 Qa7 17. Be3 Qxc5 18. Bxc5 Re8 19. Rxe8+ Nxe8 20. Nb6 Rb8
21. Nxc8 Rxc8 22. c3 Rb8 23. Re1 Nf6 24. Re7 a4 25. Kf1 Bh6 26. Ke1 Nd7 27. Bd6
Rb7 28. Kd1 c5 29. g3 Rb6 30. Bc7 Rc6 31. Bd8 c4 32. Bc2 Nc5 33. Re8+ Kg7 34.
Be7 f5 35. Bxc5 Rxc5 36. Bxa4 Kf6 37. f4 g5 38. fxg5+ Bxg5 39. Bd7 d4 40. cxd4
Rd5 41. Bc8 Rxd4+ 42. Kc2 Rd2+ 43. Kc3 Rxh2 44. Rf8+ Ke7 45. Rxf5 Bf6+ 46. Kxc4
Rc2+ 47. Kd5 Rxc8 48. Rh5 Rh8 49. b4 Kf7 50. Kc6 Kg6 51. Ra5 Rc8+ 52. Kd7 Rc3
53. g4 Rc4 54. b5 Rxg4 55. b6 Rd4+ 56. Kc6 Rc4+ 57. Kd7 Rd4+ 58. Kc6 Rc4+ 59.
Kd7 Rd4+ 1/2-1/2

[Event "34ème Open International d'Avoine"]
[Site "AVOINE"]
[Date "2019.07.22"]
[Round "3.38"]
[White "Schmit, Vincent"]
[Black "Lucidarme, Damien"]
[Result "1-0"]
[WhiteElo "2192"]
[BlackElo "2003"]
[PlyCount "51"]
[EventDate "2019.??.??"]

1. e4 e5 2. Nf3 d6 3. d4 Nd7 4. Nc3 Be7 5. g4 c6 6. a4 h6 7. Rg1 Qc7 8. Be3
Ngf6 9. g5 hxg5 10. Nxg5 d5 11. Qf3 exd4 12. Bxd4 Ne5 13. Qg3 Nfg4 14. Bxe5
Nxe5 15. Be2 d4 16. Nb1 Qa5+ 17. Nd2 f6 18. Ngf3 Nxf3+ 19. Qxf3 b5 20. Ra2 Bb4
21. c3 dxc3 22. bxc3 Bxc3 23. axb5 Bxd2+ 24. Rxd2 Qa1+ 25. Bd1 cxb5 26. Qd3 1-0

[Event "34ème Open International d'Avoine"]
[Site "AVOINE"]
[Date "2019.07.22"]
[Round "3.39"]
[White "Marazanof, Jean-Francois"]
[Black "Sohier, Julien"]
[Result "0-1"]
[WhiteElo "1924"]
[BlackElo "2188"]
[PlyCount "100"]
[EventDate "2019.??.??"]

1. e4 e5 2. Nf3 Nc6 3. d4 exd4 4. Bc4 Bc5 5. O-O d6 6. c3 Bg4 7. b4 Bb6 8. Bb2
Qf6 9. h3 Bxf3 10. Qxf3 Qxf3 11. gxf3 Nf6 12. Nd2 dxc3 13. Bxc3 Bd4 14. Rfc1
Bxc3 15. Rxc3 Ne5 16. Bf1 O-O-O 17. Rac1 Rd7 18. h4 Kb8 19. Nb3 Ng6 20. Kg2
Nxh4+ 21. Kg3 g5 22. b5 h6 23. Nd4 Nh5+ 24. Kh2 Nf4 25. Nc6+ Ka8 26. Ra3 a6 27.
Nd4 Nhg6 28. bxa6 c5 29. axb7+ Kb8 30. Bb5 Rxb7 31. Bc6 Rb2 32. Ra8+ Kc7 33.
Ra7+ Kc8 34. Nf5 Kb8 35. Rd7 Ne5 36. Rxd6 Rxf2+ 37. Kg1 Nh3+ 38. Kh1 Nxf3 39.
Rb1+ Ka7 40. Rb7+ Ka6 41. Bd5+ Ka5 42. Ra7+ Kb4 43. Rb7+ Kc3 44. Rb3+ Kc2 45.
Ne3+ Kc1 46. Rc3+ Kd2 47. Bb3+ Kxc3 48. Nd1+ Kb4 49. Nxf2 Nxf2+ 50. Kg2 Nxe4
0-1

[Event "34ème Open International d'Avoine"]
[Site "AVOINE"]
[Date "2019.07.20"]
[Round "3.40"]
[White "Deporter, Enguerran"]
[Black "Yche, Michel"]
[Result "1/2-1/2"]
[WhiteElo "2183"]
[BlackElo "1957"]
[Annotator "Smith,John"]
[PlyCount "45"]
[EventDate "2019.??.??"]

1. e4 {[%emt 0:00:00]} e6 {[%emt 0:00:00]} 2. Nf3 {[%emt 0:00:00]} d5 {
[%eval 0,0] [%emt 0:00:00]} 3. e5 {(exd5) [%emt 0:00:10]} c5 {
[%eval 0,0] [%emt 0:00:00]} 4. b4 {(c3) [%emt 0:00:04]} b6 {[%emt 0:00:00]} 5.
b5 {[%emt 0:00:00]} a6 {[%emt 0:00:00]} 6. c3 {[%emt 0:00:00]} axb5 {
[%emt 0:00:00]} 7. Bxb5+ {[%eval -4,10] [%emt 0:00:00]} Bd7 {[%emt 0:00:05]} 8.
Bd3 {[%emt 0:00:00]} Ba4 {[%emt 0:00:00]} 9. Bc2 {[%eval -46,11] [%emt 0:00:00]
} Bxc2 {[%emt 0:00:12]} 10. Qxc2 {[%eval -68,17] [%emt 0:00:00]} h5 {
(Ce7) [%emt 0:00:05]} 11. Na3 {[%emt 0:00:00]} Nh6 {[%emt 0:00:00]} 12. Rb1 {
[%emt 0:00:00]} Nd7 {[%emt 0:00:00]} 13. c4 {[%emt 0:00:00]} d4 {[%emt 0:00:00]
} 14. O-O {[%eval 11,10] [%emt 0:00:00]} Be7 {[%emt 0:00:07]} 15. Nb5 {
[%eval 3,16] [%emt 0:00:00]} Nf5 {[%emt 0:00:19]} 16. a3 {
[%eval 0,17] [%emt 0:00:00]} g5 {[%emt 0:00:13]} 17. Qe4 {
[%eval 9,18] [%emt 0:00:00]} Kf8 {(Ta4) [%emt 0:00:09]} 18. Nc7 {[%emt 0:00:00]
} Ra7 {[%emt 0:00:00]} 19. Nd5 {[%emt 0:00:00]} g4 {
[%eval -30,10] [%emt 0:00:00]} 20. Nxe7 {[%emt 0:00:09]} Qxe7 {
[%eval -45,16] [%emt 0:00:00]} 21. Ne1 {[%emt 0:00:05]} Qd8 {[%emt 0:00:00]}
22. Nd3 {[%emt 0:00:00]} Qa8 {[%emt 0:00:00]} 23. f3 {
[%eval -17,9] [%emt 0:00:00]} 1/2-1/2

[Event "34ème Open International d'Avoine"]
[Site "AVOINE"]
[Date "2019.07.22"]
[Round "3.41"]
[White "Pellegrini, Thibaud"]
[Black "Vallet, Marc"]
[Result "0-1"]
[WhiteElo "1906"]
[BlackElo "2181"]
[Annotator "Smith,John"]
[PlyCount "60"]
[EventDate "2019.??.??"]

1. e4 {[%emt 0:00:00]} c5 {[%emt 0:00:00]} 2. Nc3 {[%emt 0:00:00]} a6 {
[%emt 0:00:00]} 3. Nf3 {[%emt 0:00:00]} b5 {[%emt 0:00:00]} 4. d4 {
[%eval 0,0] [%emt 0:00:00]} cxd4 {[%emt 0:00:05]} 5. Nxd4 {
[%eval 0,0] [%emt 0:00:00]} e6 {[%emt 0:00:00]} 6. Be3 {[%emt 0:00:00]} Bb7 {
[%emt 0:00:00]} 7. Bd3 {[%eval 104,10] [%emt 0:00:00]} d6 {[%emt 0:00:05]} 8.
O-O {[%emt 0:00:00]} Nf6 {[%eval 0,0] [%emt 0:00:00]} 9. a3 {[%emt 0:00:00]}
Nbd7 {[%eval 0,0] [%emt 0:00:00]} 10. f4 {[%eval 0,0] [%emt 0:00:00]} g6 {
[%emt 0:00:07]} 11. f5 {[%emt 0:00:00]} gxf5 {[%eval 14,9] [%emt 0:00:00]} 12.
exf5 {[%emt 0:00:07]} e5 {[%emt 0:00:00]} 13. Ne6 {[%eval 56,10] [%emt 0:00:00]
} fxe6 {[%emt 0:00:08]} 14. fxe6 {[%eval 115,0] [%emt 0:00:00]} Rg8 {
[%emt 0:00:20]} 15. exd7+ {[%emt 0:00:00]} Qxd7 {[%eval 29,8] [%emt 0:00:00]}
16. Rxf6 {[%emt 0:00:09]} Rxg2+ {[%eval -235,5] [%emt 0:00:00]} 17. Kf1 {
[%emt 0:00:04]} Qh3 {[%eval -447,14] [%emt 0:00:00]} 18. Rf2 {[%emt 0:00:10]}
Rxh2+ {[%eval -436,16] [%emt 0:00:00]} 19. Ke1 {[%emt 0:00:08]} Qxe3+ {
[%eval -436,17] [%emt 0:00:00]} 20. Qe2 {[%emt 0:00:07]} Rh1+ {[%emt 0:00:00]}
21. Rf1 {[%eval -321,8] [%emt 0:00:00]} Rxf1+ {[%emt 0:00:08]} 22. Kxf1 {
[%eval -357,13] [%emt 0:00:00]} Qh3+ {[%emt 0:00:07]} 23. Ke1 {
[%eval -384,15] [%emt 0:00:00]} Bf3 {[%emt 0:00:22]} 24. Qf2 {[%emt 0:00:00]}
Be7 {[%eval -424,9] [%emt 0:00:00]} 25. Qf1 {[%emt 0:02:04]} Bh4+ {
[%eval -1286,7] [%emt 0:00:00]} 26. Kd2 {[%emt 0:00:03]} Bg5+ {
[%eval -1363,8] [%emt 0:00:00]} 27. Ke1 {[%emt 0:00:12]} Qh4+ {
[%eval -1854,19] [%emt 0:00:00]} 28. Qf2 {[%emt 0:00:00]} Bf4 {[%emt 0:00:00]}
29. Kf1 Qh3+ 30. Kg1 Be3 0-1

[Event "34ème Open International d'Avoine"]
[Site "AVOINE"]
[Date "2019.07.22"]
[Round "3.42"]
[White "Nortier, Julien"]
[Black "Mathieu, Phileas"]
[Result "0-1"]
[WhiteElo "1903"]
[BlackElo "2178"]
[PlyCount "164"]
[EventDate "2019.??.??"]

1. d4 Nf6 2. c4 c5 3. d5 b5 4. cxb5 a6 5. bxa6 g6 6. Nc3 Bg7 7. Nf3 O-O 8. g3
d6 9. Bg2 Nbd7 10. O-O Nb6 11. Rb1 Bf5 12. Ra1 Rxa6 13. Re1 Ne4 14. Nxe4 Bxe4
15. Nh4 Bxg2 16. Nxg2 Qa8 17. e4 Rxa2 18. Bg5 Re8 19. Rxa2 Qxa2 20. b3 h6 21.
Bf4 Nd7 22. Re2 Qa3 23. Bc1 Qa1 24. Ne3 Rb8 25. Qc2 Qc3 26. Qxc3 Bxc3 27. Nc4
Bd4 28. Na5 Ne5 29. Bxh6 Bc3 30. Nc6 Nxc6 31. dxc6 Rc8 32. Ra2 Rxc6 33. Ra8+
Kh7 34. Bf8 Rc7 35. Rb8 Bg7 36. Bxg7 Kxg7 37. Kf1 Ra7 38. Ke2 Ra2+ 39. Ke3 Rb2
40. h4 Rb1 41. Rb6 Re1+ 42. Kd3 Rd1+ 43. Ke3 Rb1 44. Kd3 Kf6 45. Rb7 Ke6 46.
Ke3 Re1+ 47. Kf4 Rb1 48. Ke3 Kf6 49. Kd3 e5 50. Ke3 Ke6 51. f4 exf4+ 52. Kxf4
Rf1+ 53. Ke3 Re1+ 54. Kf4 Rb1 55. Ke3 Rb2 56. Kf4 Kf6 57. Ke3 Rb1 58. Kf4 Rf1+
59. Ke3 Re1+ 60. Kf4 Rb1 61. Ke3 Ke6 62. Kf4 c4 63. b4 c3 64. Rc7 Rxb4 65. Rxc3
f5 66. Kg5 fxe4 67. Kxg6 Rb8 68. h5 d5 69. h6 d4 70. Rc4 Rg8+ 71. Kh7 Rd8 72.
Kg7 Kd5 73. Rc7 d3 74. h7 Kd6 75. Rf7 d2 76. Rf8 Rd7+ 77. Rf7 d1=Q 78. Rxd7+
Kxd7 79. h8=Q Qa1+ 80. Kh7 Qxh8+ 81. Kxh8 Ke6 82. g4 Kf6 0-1

[Event "34ème Open International d'Avoine"]
[Site "AVOINE"]
[Date "2019.07.22"]
[Round "3.43"]
[White "Cavailles, Evan"]
[Black "Rubino, William"]
[Result "1/2-1/2"]
[WhiteElo "1896"]
[BlackElo "2130"]
[PlyCount "76"]
[EventDate "2019.??.??"]

1. e4 c5 2. Nf3 d6 3. d4 cxd4 4. Nxd4 Nf6 5. Nc3 a6 6. f3 Qb6 7. Nb3 e6 8. Qe2
Qc7 9. Be3 b5 10. Qf2 Nbd7 11. Bd3 Bb7 12. O-O Rc8 13. a3 d5 14. exd5 Nxd5 15.
Nxd5 Bxd5 16. Bd4 Nc5 17. Nxc5 Bxc5 18. Bxc5 Qxc5 19. Qxc5 Rxc5 20. b4 Rc7 21.
a4 Ke7 22. axb5 axb5 23. Bxb5 Rxc2 24. Bd3 Rc3 25. Be2 Rhc8 26. b5 Rc2 27. Bd3
Rd2 28. Rfd1 Rxd1+ 29. Rxd1 Rc3 30. Kf2 Rb3 31. Kg3 h6 32. Bf1 g5 33. Rd2 Rb4
34. Be2 h5 35. h3 Kd6 36. Rc2 f6 37. Kf2 h4 38. Rd2 Rb3 1/2-1/2

[Event "34ème Open International d'Avoine"]
[Site "AVOINE"]
[Date "2019.07.22"]
[Round "3.44"]
[White "Burille, Matthieu"]
[Black "Algaba, Solene"]
[Result "1/2-1/2"]
[WhiteElo "2121"]
[BlackElo "1931"]
[PlyCount "57"]
[EventDate "2019.??.??"]

1. e4 c5 2. Nf3 d6 3. d4 cxd4 4. Nxd4 Nf6 5. Nc3 Nc6 6. Bg5 a6 7. Qd2 e6 8.
O-O-O Be7 9. f4 Qc7 10. Bxf6 Bxf6 11. Nxc6 Qxc6 12. Qxd6 Qxd6 13. Rxd6 Bxc3 14.
bxc3 Bd7 15. Bc4 Rc8 16. Bb3 Rxc3 17. Rhd1 Rc7 18. f5 Ke7 19. g4 Rhc8 20. h4 a5
21. a4 exf5 22. exf5 b5 23. axb5 Bxb5 24. Rb6 a4 25. Rxb5 axb3 26. Rxb3 Rxc2+
27. Kb1 R2c4 28. Rb7+ R8c7 29. Rxc7+ 1/2-1/2

[Event "34ème Open International d'Avoine"]
[Site "AVOINE"]
[Date "2019.07.22"]
[Round "3.45"]
[White "Eveno, Nathan"]
[Black "Le, Quan Anh"]
[Result "1/2-1/2"]
[WhiteElo "1885"]
[BlackElo "2119"]
[PlyCount "84"]
[EventDate "2019.??.??"]

1. e4 e5 2. Nf3 Nc6 3. Bb5 g6 4. O-O Bg7 5. c3 Nge7 6. d4 exd4 7. cxd4 d5 8. e5
O-O 9. h3 h6 10. Nc3 f6 11. exf6 Rxf6 12. Bxc6 Nxc6 13. Ne5 Be6 14. Nxc6 bxc6
15. Na4 Qd6 16. Nc5 Rb8 17. b3 Rbf8 18. Nxe6 Rxe6 19. Be3 c5 20. Rc1 cxd4 21.
Bxd4 Bxd4 22. Qxd4 a6 23. Rc5 c6 24. Rfc1 Rfe8 25. g3 Re1+ 26. Rxe1 Rxe1+ 27.
Kg2 Qe6 28. Qg4 Kf7 29. Qf4+ Ke8 30. Qb8+ Kf7 31. Qf4+ Ke7 32. Qc7+ Kf8 33.
Qb8+ Kg7 34. Qc7+ Kg8 35. Qb8+ Kh7 36. Qc7+ Kh8 37. Qb8+ Kg7 38. Qc7+ Kf8 39.
Qd8+ Kf7 40. Qc7+ Kf8 41. Qd8+ Kf7 42. Qc7+ Kf8 1/2-1/2

[Event "34ème Open International d'Avoine"]
[Site "AVOINE"]
[Date "2019.07.22"]
[Round "3.46"]
[White "Caloone, Thomas"]
[Black "Larand, Manuel"]
[Result "1-0"]
[WhiteElo "2111"]
[BlackElo "1921"]
[PlyCount "63"]
[EventDate "2019.??.??"]

1. e4 d6 2. d4 Nf6 3. Nc3 g6 4. Be3 c6 5. f3 Qb6 6. a3 Nbd7 7. Bc4 Qc7 8. Qd2
a6 9. Nge2 b5 10. Bb3 h5 11. O-O Bb7 12. Na2 Bg7 13. Kh1 c5 14. dxc5 Nxc5 15.
Nb4 O-O 16. Ba2 Rfd8 17. Nf4 e6 18. Nbd3 Rac8 19. Rac1 Qe7 20. Qe2 Na4 21. c4
bxc4 22. Bxc4 d5 23. Bb3 dxe4 24. fxe4 Rxc1 25. Rxc1 g5 26. Nh3 Bxe4 27. Ne5
Nxb2 28. Qxb2 Ng4 29. Bxg5 Bf6 30. Nxg4 Bxg5 31. Nxg5 Qxg5 32. Nf6+ 1-0

[Event "34ème Open International d'Avoine"]
[Site "AVOINE"]
[Date "2019.07.22"]
[Round "3.47"]
[White "Afraoui, Anaelle"]
[Black "Condat, Hugo"]
[Result "1-0"]
[WhiteElo "2110"]
[BlackElo "1891"]
[PlyCount "63"]
[EventDate "2019.??.??"]

1. e4 e6 2. d4 d5 3. Nc3 Nf6 4. Bg5 Bb4 5. e5 h6 6. Be3 Ne4 7. Qg4 Kf8 8. Nge2
c5 9. f3 Nxc3 10. Nxc3 cxd4 11. Bxd4 Nc6 12. a3 Qa5 13. O-O-O Nxd4 14. axb4
Qa1+ 15. Kd2 Nb3+ 16. cxb3 Qxb2+ 17. Kd3 Bd7 18. b5 Rc8 19. Qb4+ Kg8 20. Rd2
Qa1 21. g3 a5 22. bxa6 Qxa6+ 23. Ke3 Qa7+ 24. Ke2 Qa6+ 25. Kf2 Qa7+ 26. Kg2 Qe3
27. Nd1 Qxe5 28. Bd3 g6 29. Re2 Qb8 30. Ne3 Kg7 31. Ng4 Rc7 32. Qd4+ 1-0